Présidents des groupes politiques de l'assemblée nationale par images - Statistiques

Statistiques générales
  • Ce quiz a été pris 151 fois
  • Le résultat moyen est 7 sur 11
Statistiques - réponses
Par images Hint Réponse % Correct
Rassemblement National Marine Le Pen
100%
Ensemble pour la République Gabriel Attal
99%
La France Insoumise - Nouveau Front Populaire Mathile Panot
90%
UDR Eric Ciotti
87%
Droite Républicaine Laurent Wauquiez
78%
Gauche Démocrate et Républicaine André Chassaigne
57%
Socialistes et apparentés Boris Vallaud
54%
Les Démocrates Marc Fesneau
45%
Ecologiste et Social Cyrielle Chatelain
28%
Horizons & Indépendants Laurent Marcangeli
20%
Libertés, Indépendants, Outre-mer et Territoires Stéphane Lenormand
8%
Aucun quiz correspondant
Distribution des résultats
% des personnes avec chaque résultat
Percentile par nombre de réponses
Votre historique - résultats
Vous n’avez pas pris ce quiz